| 000 | 00595cam a2200229ua 4500 | ||
|---|---|---|---|
| 001 | 2255 | ||
| 005 | 20260515113451.0 | ||
| 008 | 110806n ii |||gr||||Z||||||eng | ||
| 040 | _cMAIN | ||
| 082 | _a371.33 | ||
| 100 |
_aBorthakur, Minati, _eAuthor. |
||
| 245 | 1 |
_aEducational technology _cby Minati Borthakur |
|
| 250 | _a1st. | ||
| 260 |
_aJorhat: _bUnika Prakashan, _c2003. |
||
| 300 |
_a148p: _c23cm. |
||
| 653 | _aEducation | ||
| 653 | _aEducational technology | ||
| 700 |
_aSaikia, Tarun, _eAuthor. |
||
| 700 |
_aSaikia, Runu Borah, _eAuthor. |
||
| 700 | _aGhose, Soma, | ||
| 942 | _cBK | ||
| 999 |
_c2120 _d2120 |
||